[Event "ODEM U25A 2012"]
[Site "Oberhof GER"]
[Date "2012.05.29"]
[Round "5"]
[White "Usczeck, Lukas"]
[Black "Becker, Dirk"]
[Result "1/2-1/2"]
[Termination "normal"]
[Board "18"]
[WhiteElo "1766"]
[BlackElo "1720"]
[PlyCount "56"]
[WhiteFideId "12937827"]
[BlackFideId "12938564"]
[EventCountry "GER"]
[EventRounds "9"]
[EventType "swiss"]
[EventDate "2012.05.26"]

1. c4 e5 2. g3 Nc6 3. Bg2 f5 4. d3 Nf6 5. Nc3 Bb4 6. Bd2 O-O 7. e4 d6 8. Nge2
fxe4 9. dxe4 Bg4 10. Qc2 Qd7 11. h3 Be6 12. Nd5 Bc5 13. Be3 Bxe3 14. Nxe3 Nd4
15. Qd3 c5 16. Nd5 Nxd5 17. cxd5 Bf7 18. O-O Bh5 19. Nxd4 exd4 20. f4 Rae8 21.
b4 b6 22. b5 Re7 23. a4 Bg6 24. f5 Be8 25. g4 Re5 26. Rfb1 Rf7 27. Qc4 Qd8 28.
Rb3 Rb7 1/2-1/2

[Event "ODEM U25A 2012"]
[Site "Oberhof GER"]
[Date "2012.05.29"]
[Round "5"]
[White "Myagkov, Kirill"]
[Black "Hollatz, Michael"]
[Result "0-1"]
[Termination "normal"]
[Board "19"]
[WhiteElo "1861"]
[BlackElo "1653"]
[PlyCount "38"]
[WhiteFideId "24657042"]
[BlackFideId "4622820"]
[EventCountry "GER"]
[EventRounds "9"]
[EventType "swiss"]
[EventDate "2012.05.26"]

1. e4 e5 2. f4 exf4 3. Nf3 d5 4. exd5 Qxd5 5. Nc3 Qa5 6. Bc4 Bf5 7. Nd5 Nc6 8.
Qe2+ Be7 9. Ne5 Nd4 10. Qh5 g6 11. Qd1 Nxc2+ 12. Kf1 O-O-O 13. Nxe7+ Nxe7 14.
Nxf7 Ne3+ 15. Ke2 Bg4+ 16. Kf2 Nxd1+ 17. Rxd1 Bxd1 18. Be6+ Kb8 19. Nxh8 Rxh8
0-1

[Event "ODEM U25A 2012"]
[Site "Oberhof GER"]
[Date "2012.05.29"]
[Round "5"]
[White "Vergin, Marcel"]
[Black "Gubela, Hans-Erich Constantin"]
[Result "0-1"]
[Termination "normal"]
[Board "20"]
[WhiteElo "1565"]
[BlackElo "1740"]
[PlyCount "58"]
[BlackFideId "24692140"]
[EventCountry "GER"]
[EventRounds "9"]
[EventType "swiss"]
[EventDate "2012.05.26"]

1. d4 d5 2. Nf3 Nf6 3. e3 e6 4. Bd3 Be7 5. Nbd2 c5 6. c3 Nc6 7. O-O O-O 8. dxc5
Bxc5 9. e4 Qc7 10. Re1 h6 11. Nb3 dxe4 12. Bxe4 Nxe4 13. Rxe4 Bd6 14. Nbd4 Nxd4
15. Rxd4 Bc5 16. Bf4 Qe7 17. Rd3 f6 18. Bd6 Bxd6 19. Rxd6 e5 20. Nh4 Qf7 21.
Qc2 Qh5 22. Ng6 Re8 23. Qb3+ Kh7 24. Rxf6 Bf5 25. Qxb7 Bxg6 26. Rf3 a5 27. b3
Rad8 28. Qb6 e4 29. Rg3 Rd1+ 0-1

[Event "ODEM U25A 2012"]
[Site "Oberhof GER"]
[Date "2012.05.29"]
[Round "5"]
[White "Scheinhütte, Jakob"]
[Black "Bleecke, Sebastian"]
[Result "1/2-1/2"]
[Termination "normal"]
[Board "21"]
[WhiteElo "1661"]
[BlackElo "1595"]
[PlyCount "69"]
[WhiteFideId "24693944"]
[BlackFideId "12941131"]
[EventCountry "GER"]
[EventRounds "9"]
[EventType "swiss"]
[EventDate "2012.05.26"]

1. e4 d5 2. exd5 Qxd5 3. Nc3 Qd6 4. Nf3 Nf6 5. g3 a6 6. Bg2 Bg4 7. O-O Nc6 8.
d3 O-O-O 9. a3 Nd4 10. Be3 Nxf3+ 11. Bxf3 Bxf3 12. Qxf3 h5 13. b4 h4 14. b5 a5
15. b6 c6 16. Qf5+ e6 17. Qxa5 hxg3 18. Qa8+ Qb8 19. Qxb8+ Kxb8 20. hxg3 Ng4
21. Bf4+ e5 22. Bg5 f6 23. Bd2 Bc5 24. Na4 Bd4 25. Bc3 Bxf2+ 26. Rxf2 Nxf2 27.
Kxf2 Rh2+ 28. Ke3 Rxc2 29. Rh1 Rg2 30. Kf3 Ra2 31. Bb2 Rxd3+ 32. Ke4 Rd8 33.
Rh7 Kc8 34. Rxg7 Rd2 35. Rc7+ 1/2-1/2

[Event "ODEM U25A 2012"]
[Site "Oberhof GER"]
[Date "2012.05.29"]
[Round "5"]
[White "Thumm, Felix"]
[Black "Bieg, Pascal"]
[Result "1/2-1/2"]
[Termination "normal"]
[Board "22"]
[WhiteElo "1738"]
[BlackElo "1776"]
[PlyCount "96"]
[WhiteFideId "12902209"]
[BlackFideId "12915645"]
[EventCountry "GER"]
[EventRounds "9"]
[EventType "swiss"]
[EventDate "2012.05.26"]

1. d4 Nf6 2. f4 d5 3. Nf3 c5 4. c3 cxd4 5. cxd4 Bf5 6. Nbd2 e6 7. e3 Nbd7 8.
Be2 Be7 9. Ne5 h5 10. Nxd7 Qxd7 11. Nf3 Kf8 12. Bd2 Rc8 13. Qb3 Bc2 14. Qb5
Qxb5 15. Bxb5 Bf5 16. O-O a6 17. Ba4 g6 18. Rac1 Kg7 19. Ne5 b5 20. Bb3 Bd6 21.
Nf3 Bd3 22. Rfe1 Be4 23. Ng5 Bf5 24. Nf3 Ne4 25. Ba5 Kf6 26. Ne5 Bxe5 27. dxe5+
Ke7 28. Bb4+ Kd7 29. a4 Rxc1 30. Rxc1 Rc8 31. Ra1 Kc6 32. h3 Kb7 33. axb5 axb5
34. Bd1 Nc5 35. Rc1 Nd3 36. Rxc8 Kxc8 37. Bc3 Kb7 38. Be2 Kc6 39. Bd4 b4 40.
Bxd3 Bxd3 41. Kf2 Kb5 42. g3 Kc4 43. h4 Kb3 44. Bc5 Bb5 45. Bd4 Kc2 46. Bc5 b3
47. Bd4 Kd3 48. Bc3 Kc2 1/2-1/2

[Event "ODEM U25A 2012"]
[Site "Oberhof GER"]
[Date "2012.05.29"]
[Round "5"]
[White "Bosse, Lea"]
[Black "Walther, Felix"]
[Result "1-0"]
[Termination "normal"]
[Board "23"]
[WhiteElo "1631"]
[BlackElo "1586"]
[PlyCount "69"]
[WhiteFideId "12900419"]
[EventCountry "GER"]
[EventRounds "9"]
[EventType "swiss"]
[EventDate "2012.05.26"]

1. e4 e5 2. Nf3 Nc6 3. Bc4 Bc5 4. d4 exd4 5. c3 Nf6 6. e5 Ng4 7. cxd4 Bb4+ 8.
Nc3 d5 9. exd6 Qxd6 10. Qe2+ Qe7 11. O-O Qxe2 12. Bxe2 O-O 13. Bf4 Nf6 14. Nb5
Nd5 15. Bg3 Ba5 16. Rac1 Bg4 17. h3 Bh5 18. Rc5 Rad8 19. Nxa7 Bb6 20. Nxc6 bxc6
21. Rxc6 Bxf3 22. Bxf3 Nb4 23. Rc4 Rxd4 24. Rxd4 Bxd4 25. a3 Na6 26. b3 c5 27.
Rc1 Bb2 28. Rc2 Bxa3 29. Ra2 Bb4 30. Rxa6 Rd8 31. Rc6 h6 32. Bd6 Kh7 33. Bxc5
Bc3 34. Be7 Rd3 35. Be4+ 1-0

[Event "ODEM U25A 2012"]
[Site "Oberhof GER"]
[Date "2012.05.29"]
[Round "5"]
[White "Wastian, Jan"]
[Black "Dietrich, Franz"]
[Result "0-1"]
[Termination "normal"]
[Board "24"]
[WhiteElo "1627"]
[BlackElo "1571"]
[PlyCount "106"]
[WhiteFideId "12911640"]
[BlackFideId "1270312"]
[EventCountry "GER"]
[EventRounds "9"]
[EventType "swiss"]
[EventDate "2012.05.26"]

1. e4 e5 2. Nf3 Nc6 3. Bb5 a6 4. Ba4 Nf6 5. d3 b5 6. Bb3 Bc5 7. O-O O-O 8. c3
d6 9. Nbd2 Be6 10. h3 Bxb3 11. axb3 Nd7 12. Re1 f5 13. exf5 Rxf5 14. Ne4 Bb6
15. Ng3 Rf7 16. Qe2 h6 17. Be3 Bxe3 18. Qxe3 Ne7 19. d4 exd4 20. Nxd4 Ne5 21.
f4 N5g6 22. Ne6 Qc8 23. Qd4 Qb7 24. Nh5 Nf5 25. Qd3 Ngh4 26. Qe2 g6 27. Qg4 Kh7
28. Nhg7 Rxg7 29. Nxg7 Kxg7 30. Re2 Rf8 31. Rae1 Rf7 32. Re8 Qb6+ 33. Kh1 Qf2
34. Kh2 h5 35. Qe2 Qxf4+ 36. Kg1 Ng3 37. Qe3 Qxe3+ 38. R1xe3 Nhf5 39. Re1 h4
40. Ra8 c5 41. Rxa6 b4 42. cxb4 cxb4 43. Rb6 Rd7 44. Rxb4 d5 45. Rd1 d4 46. Rd3
Ne2+ 47. Kf2 Nf4 48. Rd2 g5 49. Rc4 d3 50. Kf3 Nd4+ 51. Ke4 Nxb3 52. Rd1 d2 53.
Rc3 Re7+ 0-1

[Event "ODEM U25A 2012"]
[Site "Oberhof GER"]
[Date "2012.05.29"]
[Round "5"]
[White "Martin, Raphael"]
[Black "Askri, Samir"]
[Result "1-0"]
[Termination "normal"]
[Board "25"]
[WhiteElo "1511"]
[BlackElo "1795"]
[PlyCount "47"]
[WhiteFideId "12952036"]
[BlackFideId "12924938"]
[EventCountry "GER"]
[EventRounds "9"]
[EventType "swiss"]
[EventDate "2012.05.26"]

1. e4 c5 2. Nf3 d6 3. d4 cxd4 4. Nxd4 Nf6 5. Nc3 a6 6. f3 e5 7. Nb3 Be6 8. Be3
Be7 9. Qd2 Nbd7 10. O-O-O O-O 11. g4 b5 12. h4 b4 13. Nd5 Bxd5 14. exd5 a5 15.
h5 Qb8 16. g5 a4 17. Na1 Ne8 18. g6 fxg6 19. hxg6 hxg6 20. Bh3 Rf5 21. Bxf5
gxf5 22. Qh2 Nef6 23. Qh3 f4 24. Qe6+ 1-0

[Event "ODEM U25A 2012"]
[Site "Oberhof GER"]
[Date "2012.05.29"]
[Round "5"]
[White "Wachinger, David"]
[Black "Klinge, Sabina"]
[Result "1/2-1/2"]
[Termination "normal"]
[Board "26"]
[WhiteElo "1699"]
[BlackElo "1447"]
[PlyCount "63"]
[WhiteFideId "24692689"]
[BlackFideId "12949590"]
[EventCountry "GER"]
[EventRounds "9"]
[EventType "swiss"]
[EventDate "2012.05.26"]

1. d4 Nf6 2. c4 e6 3. Nc3 d5 4. Nf3 Be7 5. Bg5 h6 6. Bh4 O-O 7. e3 b6 8. cxd5
Nxd5 9. Bxe7 Nxe7 10. Bd3 Bb7 11. O-O Nd7 12. Rc1 c5 13. Qe2 cxd4 14. Nxd4 Nc5
15. Bc4 Nc6 16. Nxc6 Bxc6 17. Rfd1 Qg5 18. f3 Rfd8 19. a3 Na4 20. Nxa4 Bxa4 21.
b3 Rxd1+ 22. Rxd1 b5 23. Bxe6 fxe6 24. bxa4 bxa4 25. Kh1 Rc8 26. Qd3 Qa5 27.
Qe4 Qd2 28. Qxe6+ Kh7 29. Rg1 Rc1 30. h3 Rc3 31. Qe4+ Kg8 32. Qe8+ 1/2-1/2

[Event "ODEM U25A 2012"]
[Site "Oberhof GER"]
[Date "2012.05.29"]
[Round "5"]
[White "Kitze, Lukas"]
[Black "Tobianski, Fabian"]
[Result "0-1"]
[Termination "normal"]
[Board "28"]
[WhiteElo "1513"]
[BlackElo "1628"]
[PlyCount "80"]
[WhiteFideId "12932159"]
[BlackFideId "12952001"]
[EventCountry "GER"]
[EventRounds "9"]
[EventType "swiss"]
[EventDate "2012.05.26"]

1. e4 e6 2. d4 d5 3. Nc3 Nf6 4. e5 Nfd7 5. f4 c5 6. Nf3 Nc6 7. Be3 a6 8. Qd2 b5
9. a3 Qb6 10. Be2 Be7 11. O-O b4 12. Na4 Qa5 13. axb4 Qxb4 14. Nc3 O-O 15. Kh1
a5 16. Bb5 cxd4 17. Nxd4 Nxd4 18. Bxd4 Bd8 19. Ra4 Qe7 20. f5 exf5 21. Nxd5 Qg5
22. Qxg5 Bxg5 23. Rxf5 Bd8 24. Rf3 Bb7 25. Bxd7 Bxd5 26. Rc3 Bg5 27. Bc6 Rad8
28. Bb6 Bxc6 29. Rxc6 Rd1+ 30. Bg1 Be3 31. h3 Bxg1 32. c4 Bd4+ 33. Kh2 Bxe5+
34. g3 Rd2+ 35. Kg1 Bd4+ 36. Kh1 Re8 37. Ra1 g6 38. b3 Ree2 39. Rc8+ Kg7 40.
Rg8+ Kxg8 0-1

[Event "ODEM U25A 2012"]
[Site "Oberhof GER"]
[Date "2012.05.29"]
[Round "5"]
[White "Kirn, Niklas Johann"]
[Black "Naundorf, Johannes"]
[Result "1/2-1/2"]
[Termination "normal"]
[Board "29"]
[WhiteElo "1687"]
[BlackElo "1494"]
[PlyCount "80"]
[WhiteFideId "12910899"]
[BlackFideId "12950009"]
[EventCountry "GER"]
[EventRounds "9"]
[EventType "swiss"]
[EventDate "2012.05.26"]

1. e4 Nf6 2. Nc3 d5 3. exd5 Nxd5 4. Bc4 Nb6 5. Bb3 Nc6 6. Nf3 Bf5 7. O-O e6 8.
h3 Be7 9. d3 O-O 10. Bf4 a6 11. a3 Bf6 12. Qd2 Ne7 13. Be5 Ned5 14. Nxd5 Nxd5
15. Bxd5 exd5 16. Qc3 Bxe5 17. Qxe5 Bg6 18. Rfe1 Re8 19. Qc3 Qd7 20. Ne5 Qd6
21. Nxg6 hxg6 22. d4 f6 23. Rad1 Kf7 24. Qc5 Qxc5 25. dxc5 Rxe1+ 26. Rxe1 Re8
27. Kf1 Rxe1+ 28. Kxe1 Ke6 29. Kd2 d4 30. c4 dxc3+ 31. Kxc3 Kd5 32. b4 g5 33.
Kd3 g6 34. g3 a5 35. f3 axb4 36. axb4 b6 37. cxb6 cxb6 38. Kc3 f5 39. Kd3 b5
40. Kc3 f4 1/2-1/2

[Event "ODEM U25A 2012"]
[Site "Oberhof GER"]
[Date "2012.05.29"]
[Round "5"]
[White "Salz, Matthias"]
[Black "Wodzinski, Kristin"]
[Result "1-0"]
[Termination "normal"]
[Board "30"]
[WhiteElo "1577"]
[BlackElo "1692"]
[PlyCount "55"]
[WhiteFideId "12943312"]
[BlackFideId "12923141"]
[EventCountry "GER"]
[EventRounds "9"]
[EventType "swiss"]
[EventDate "2012.05.26"]

1. c4 e6 2. g3 Nf6 3. Bg2 d5 4. Nf3 Nbd7 5. b3 c6 6. O-O Be7 7. Bb2 O-O 8. e3
b6 9. Nc3 Qc7 10. cxd5 cxd5 11. Rc1 Qd8 12. Nd4 Bb7 13. Qe2 a6 14. Rc2 Rc8 15.
Rfc1 e5 16. Nf5 e4 17. Nxe4 dxe4 18. Rxc8 Bxc8 19. Rxc8 Nc5 20. Rxd8 Bxd8 21.
b4 Nd3 22. Bxf6 Bxf6 23. Bxe4 Nxb4 24. a3 Re8 25. axb4 Rxe4 26. Qxa6 Bd8 27.
Nd6 Rxb4 28. Qc8 1-0

[Event "ODEM U25A 2012"]
[Site "Oberhof GER"]
[Date "2012.05.29"]
[Round "5"]
[White "Katz, Simon"]
[Black "Mann, Jonas"]
[Result "1/2-1/2"]
[Termination "normal"]
[Board "31"]
[WhiteElo "1433"]
[BlackElo "1541"]
[PlyCount "73"]
[WhiteFideId "12901296"]
[BlackFideId "12900214"]
[EventCountry "GER"]
[EventRounds "9"]
[EventType "swiss"]
[EventDate "2012.05.26"]

1. e4 c5 2. Nc3 d6 3. d3 Nc6 4. Nge2 g6 5. g3 Bg7 6. Bg2 e6 7. f4 Nge7 8. Be3
O-O 9. O-O b6 10. a3 Bb7 11. Bh3 Nd4 12. Bxd4 cxd4 13. Nb1 f5 14. exf5 Nxf5 15.
Bxf5 Rxf5 16. Nd2 e5 17. fxe5 dxe5 18. Rxf5 gxf5 19. Qf1 Qd7 20. Kf2 Rc8 21.
Rc1 e4 22. Ke1 Qe6 23. Nf4 Qe7 24. Qe2 Bh6 25. Kf1 Ba6 26. Nb3 Qe5 27. Kg2 Bb7
28. Kg1 Bxf4 29. gxf4 Qxf4 30. Rf1 Qg5+ 31. Kf2 e3+ 32. Ke1 Qh4+ 33. Kd1 Qg4
34. Qxg4+ fxg4 35. Nxd4 Re8 36. Rf4 h5 37. Ke2 1/2-1/2

[Event "ODEM U25A 2012"]
[Site "Oberhof GER"]
[Date "2012.05.31"]
[Round "7"]
[White "Wurm, Alexander"]
[Black "Zimmermann, Christian"]
[Result "1-0"]
[Termination "normal"]
[Board "1"]
[WhiteElo "2059"]
[BlackElo "1878"]
[PlyCount "49"]
[WhiteFideId "24637246"]
[BlackFideId "24692069"]
[EventCountry "GER"]
[EventRounds "9"]
[EventType "swiss"]
[EventDate "2012.05.26"]

1. d4 Nf6 2. c4 g6 3. Nc3 d5 4. Bg5 Ne4 5. Nxe4 dxe4 6. Qd2 Bg7 7. e3 c5 8. Ne2
Nc6 9. d5 Ne5 10. Nc3 f5 11. Be2 a6 12. f3 exf3 13. gxf3 Qc7 14. O-O-O Qa5 15.
d6 exd6 16. Qxd6 Nc6 17. Bf6 Kf7 18. Bxg7 Kxg7 19. Nd5 Rf8 20. h4 Qxa2 21. h5
Qa1+ 22. Kc2 Qa4+ 23. Kb1 Be6 24. Qxe6 Rae8 25. Qd7+ 1-0

[Event "ODEM U25A 2012"]
[Site "Oberhof GER"]
[Date "2012.05.31"]
[Round "7"]
[White "Nötzel, Felix"]
[Black "Ott, Florian"]
[Result "1-0"]
[Termination "normal"]
[Board "2"]
[WhiteElo "2106"]
[BlackElo "1976"]
[PlyCount "79"]
[WhiteFideId "24637416"]
[BlackFideId "12900281"]
[EventCountry "GER"]
[EventRounds "9"]
[EventType "swiss"]
[EventDate "2012.05.26"]

1. e4 c5 2. d4 cxd4 3. Nf3 d6 4. c3 dxc3 5. Nxc3 Nc6 6. Bc4 a6 7. a4 Nf6 8. h3
e6 9. Qe2 Be7 10. O-O O-O 11. Rd1 Bd7 12. Bf4 Qb8 13. e5 dxe5 14. Bxe5 Nxe5 15.
Nxe5 Be8 16. Rac1 Bd6 17. f4 Kh8 18. Kh1 g6 19. Qe3 Nh5 20. g4 Nxf4 21. Rxd6
Qxd6 22. Qxf4 Rd8 23. Rd1 Qe7 24. Rf1 Kg7 25. g5 f6 26. Ng4 Bc6+ 27. Kh2 f5 28.
Qe5+ Kf7 29. Qe3 Rd6 30. Nh6+ Ke8 31. Re1 Kd7 32. Ne2 f4 33. Nxf4 Qxg5 34.
Bxe6+ Kc7 35. Nf7 Qh4 36. Bb3 Rd7 37. Ne6+ Kb8 38. Nxf8 Re7 39. Be6 Qb4 40. Rd1
1-0

[Event "ODEM U25A 2012"]
[Site "Oberhof GER"]
[Date "2012.05.31"]
[Round "7"]
[White "Figura, Atila Gajo"]
[Black "Linnemann, Niklas"]
[Result "1-0"]
[Termination "normal"]
[Board "3"]
[WhiteTitle "FM"]
[WhiteElo "2351"]
[BlackElo "1932"]
[PlyCount "51"]
[WhiteFideId "4688058"]
[BlackFideId "24695645"]
[EventCountry "GER"]
[EventRounds "9"]
[EventType "swiss"]
[EventDate "2012.05.26"]

1. Nf3 Nf6 2. c4 g6 3. Nc3 d5 4. cxd5 Nxd5 5. Qa4+ Nc6 6. Ne5 Nxc3 7. bxc3 Bd7
8. Nxd7 Qxd7 9. g3 Nd8 10. Qxd7+ Kxd7 11. Bg2 Bg7 12. O-O c6 13. d4 e5 14. Rd1
exd4 15. cxd4 Ne6 16. Rb1 Kc7 17. d5 Rad8 18. Be3 cxd5 19. Bxa7 Rd6 20. Rdc1+
Rc6 21. Bxd5 Bd4 22. Bxc6 bxc6 23. Bxd4 Nxd4 24. Rc4 Rd8 25. Kf1 Nf5 26. Ra4
1-0

[Event "ODEM U25A 2012"]
[Site "Oberhof GER"]
[Date "2012.05.31"]
[Round "7"]
[White "Kieslich, Aaron"]
[Black "Adelhütte, Dennis"]
[Result "1-0"]
[Termination "normal"]
[Board "5"]
[WhiteElo "1979"]
[BlackElo "1982"]
[PlyCount "125"]
[WhiteFideId "1270391"]
[BlackFideId "4661265"]
[EventCountry "GER"]
[EventRounds "9"]
[EventType "swiss"]
[EventDate "2012.05.26"]

1. d4 d5 2. c4 c6 3. Nc3 Nf6 4. Qc2 e6 5. Nf3 Nbd7 6. e3 Bd6 7. b3 e5 8. cxd5
Nxd5 9. Nxd5 cxd5 10. dxe5 Nxe5 11. Bb5+ Bd7 12. Bxd7+ Qxd7 13. Nxe5 Bxe5 14.
Bb2 Rc8 15. Qe2 Bxb2 16. Qxb2 O-O 17. O-O Rfd8 18. Rfd1 Qf5 19. Rd2 Rd7 20. Rc1
Rdc7 21. Rxc7 Rxc7 22. h3 g6 23. Kh2 b6 24. a4 Qe4 25. Kg3 Qf5 26. Qd4 Rc5 27.
Qf4 Qxf4+ 28. Kxf4 f6 29. e4 dxe4 30. Kxe4 Re5+ 31. Kd3 Kf7 32. Rc2 Re7 33. Rc6
Re6 34. Rc7+ Re7 35. Rxe7+ Kxe7 36. Kc4 Kd6 37. Kb5 Kc7 38. Ka6 Kb8 39. h4 f5
40. f4 h6 41. h5 gxh5 42. g3 Ka8 43. a5 bxa5 44. Kxa5 Kb7 45. Kb5 a6+ 46. Ka5
Ka7 47. b4 Kb7 48. b5 axb5 49. Kxb5 Kc7 50. Kc5 Kd7 51. Kd5 Ke7 52. Ke5 Kf7 53.
Kxf5 Kg7 54. Ke6 Kg6 55. f5+ Kg5 56. f6 Kg4 57. f7 Kxg3 58. f8=Q h4 59. Qf1 h5
60. Qh1 h3 61. Kf5 h2 62. Ke4 Kh3 63. Kf3 1-0

[Event "ODEM U25A 2012"]
[Site "Oberhof GER"]
[Date "2012.05.31"]
[Round "7"]
[White "Baier, Christoph"]
[Black "Feldheim, Jonas"]
[Result "1/2-1/2"]
[Termination "normal"]
[Board "6"]
[WhiteElo "1927"]
[BlackElo "2005"]
[PlyCount "41"]
[WhiteFideId "24655759"]
[BlackFideId "24697583"]
[EventCountry "GER"]
[EventRounds "9"]
[EventType "swiss"]
[EventDate "2012.05.26"]

1. d4 Nf6 2. Nf3 g6 3. c4 Bg7 4. Nc3 O-O 5. e4 d6 6. Be2 c5 7. d5 e6 8. O-O Re8
9. Qc2 Na6 10. Re1 exd5 11. cxd5 Nc7 12. a4 b6 13. h3 Ba6 14. Bg5 h6 15. Bh4 g5
16. Bg3 Bxe2 17. Rxe2 Nh5 18. Bh2 Na6 19. Na2 Rc8 20. Rd1 Rc7 21. Qc4 1/2-1/2

[Event "ODEM U25A 2012"]
[Site "Oberhof GER"]
[Date "2012.05.31"]
[Round "7"]
[White "Münch, Robert"]
[Black "Giraud, Valerian"]
[Result "1-0"]
[Termination "normal"]
[Board "7"]
[WhiteElo "1953"]
[BlackElo "1914"]
[PlyCount "71"]
[WhiteFideId "4626028"]
[BlackFideId "12920355"]
[EventCountry "GER"]
[EventRounds "9"]
[EventType "swiss"]
[EventDate "2012.05.26"]

1. d4 Nf6 2. Bg5 Ne4 3. Bf4 c5 4. f3 Qa5+ 5. c3 Nf6 6. d5 Qb6 7. Bc1 e6 8. e4
d6 9. Ne2 g6 10. Na3 exd5 11. exd5 Qd8 12. Ng3 Bg7 13. Bf4 O-O 14. Be2 b6 15.
Nb5 Bb7 16. c4 Ne8 17. Qd2 a6 18. Nc3 Nd7 19. O-O Ne5 20. Bh6 f5 21. Bxg7 Kxg7
22. f4 Nd7 23. Rae1 Nc7 24. Bd3 Qf6 25. Bxf5 Qd4+ 26. Qxd4+ cxd4 27. Bxd7 dxc3
28. b3 Rad8 29. Bg4 Bc8 30. Bxc8 Rxc8 31. Ne4 Rfd8 32. Nxc3 b5 33. Re7+ Kg8 34.
Ne4 Ne8 35. Rxe8+ Rxe8 36. Nxd6 1-0

[Event "ODEM U25A 2012"]
[Site "Oberhof GER"]
[Date "2012.05.31"]
[Round "7"]
[White "Holle, Cedric"]
[Black "Pererva, Viktor"]
[Result "1-0"]
[Termination "normal"]
[Board "8"]
[WhiteElo "1840"]
[BlackElo "1967"]
[PlyCount "129"]
[WhiteFideId "24692158"]
[BlackFideId "24696463"]
[EventCountry "GER"]
[EventRounds "9"]
[EventType "swiss"]
[EventDate "2012.05.26"]

1. e4 e5 2. Nf3 Nc6 3. d4 exd4 4. Nxd4 Nf6 5. Nxc6 bxc6 6. e5 Qe7 7. Qe2 Nd5 8.
c4 Ba6 9. b3 g6 10. Bb2 Bg7 11. g3 O-O 12. Bg2 Rae8 13. O-O Bxe5 14. Qxe5 Qxe5
15. Bxe5 Rxe5 16. cxd5 Bxf1 17. Kxf1 cxd5 18. Nc3 c6 19. Rd1 Rfe8 20. Bf3 Kg7
21. b4 f5 22. Na4 R5e7 23. Nc5 Rb8 24. Rd4 Kf6 25. Nd3 d6 26. Kg2 g5 27. h3 h5
28. g4 fxg4 29. hxg4 h4 30. a3 Kg6 31. Nc1 Rf8 32. Rd3 Ref7 33. Be2 Rxf2+ 34.
Kg1 R2f7 35. Rc3 c5 36. bxc5 Rc7 37. c6 Rfc8 38. Bb5 a6 39. Ba4 Rf8 40. Ne2 d4
41. Bc2+ Kf6 42. Nxd4 Ke5 43. Nf5 d5 44. Kg2 Rd8 45. Ba4 d4 46. Rc4 d3 47. Kf3
d2 48. Re4+ Kf6 49. Ne3 Rd3 50. Ke2 h3 51. Kxd3 h2 52. Nd5+ Kf7 53. Nxc7 h1=Q
54. Bb3+ Kg6 55. Re6+ Kg7 56. Ne8+ Kf8 57. Kxd2 Qg2+ 58. Kc3 Qf3+ 59. Kb4 Qxg4+
60. Bc4 a5+ 61. Kb5 Qf5+ 62. Ka6 Qc5 63. Bb5 Kf7 64. Re4 Qd5 65. Bc4 1-0

[Event "ODEM U25A 2012"]
[Site "Oberhof GER"]
[Date "2012.05.31"]
[Round "7"]
[White "Diller, Daniel"]
[Black "Torzinski, Nils"]
[Result "1-0"]
[Termination "normal"]
[Board "9"]
[WhiteElo "1809"]
[BlackElo "1778"]
[PlyCount "43"]
[WhiteFideId "12908983"]
[BlackFideId "24695840"]
[EventCountry "GER"]
[EventRounds "9"]
[EventType "swiss"]
[EventDate "2012.05.26"]

1. c4 e5 2. g3 Bc5 3. Bg2 Nf6 4. Nc3 Nc6 5. Nf3 d6 6. d3 h6 7. O-O O-O 8. a3 a6
9. b4 Ba7 10. Bb2 Re8 11. e3 Be6 12. Rc1 Bg4 13. h3 Bh5 14. Qb3 e4 15. dxe4
Nxe4 16. Nxe4 Rxe4 17. b5 Na5 18. Qc3 f6 19. Qxa5 axb5 20. Qxb5 Bf7 21. Nd2 Re8
22. Bc3 1-0

[Event "ODEM U25A 2012"]
[Site "Oberhof GER"]
[Date "2012.05.31"]
[Round "7"]
[White "Gubela, Hans-Erich Constantin"]
[Black "Höpfner, Tim"]
[Result "0-1"]
[Termination "normal"]
[Board "10"]
[WhiteElo "1740"]
[BlackElo "1942"]
[PlyCount "118"]
[WhiteFideId "24692140"]
[BlackFideId "4638310"]
[EventCountry "GER"]
[EventRounds "9"]
[EventType "swiss"]
[EventDate "2012.05.26"]

1. e4 c5 2. Nf3 d6 3. d4 cxd4 4. Nxd4 Nf6 5. f3 a6 6. c4 e5 7. Nb3 Be6 8. Nc3
Nbd7 9. Be3 Be7 10. Be2 Rc8 11. Nd5 Bxd5 12. cxd5 O-O 13. O-O Nc5 14. Rc1 Nfd7
15. Nd2 b5 16. Nb1 Bg5 17. Qd2 Bxe3+ 18. Qxe3 Qb6 19. b3 f5 20. Nd2 f4 21. Qf2
Qb7 22. b4 Na4 23. Nb3 Nb8 24. Na5 Qd7 25. Bd3 Rc7 26. Qd2 Rfc8 27. Bc2 Nc3 28.
Bd3 Na4 29. Bc2 Nc3 30. Bd3 Kf8 31. Nc6 Nxc6 32. Rxc3 Nd4 33. Rfc1 Ke7 34. Kf2
Kd8 35. Ke1 Rxc3 36. Rxc3 Rxc3 37. Qxc3 Qc7 38. Kd2 Qxc3+ 39. Kxc3 Ke7 40. a4
g5 41. axb5 axb5 42. Kd2 h5 43. Ke1 g4 44. Kf2 Kf6 45. h4 g3+ 46. Ke1 Ke7 47.
Bf1 Nc2+ 48. Kd2 Ne3 49. Ke2 Kd8 50. Ke1 Kc7 51. Bxb5 Nxg2+ 52. Ke2 Kd8 53. Bc6
Nxh4 54. b5 Ng6 55. b6 Nf8 56. Kf1 Nh7 57. Be8 h4 58. Bg6 Ng5 59. Bh5 Kc8 0-1

[Event "ODEM U25A 2012"]
[Site "Oberhof GER"]
[Date "2012.05.31"]
[Round "7"]
[White "Hollatz, Michael"]
[Black "Kast, Joannis"]
[Result "1/2-1/2"]
[Termination "normal"]
[Board "11"]
[WhiteElo "1653"]
[BlackElo "1758"]
[PlyCount "109"]
[WhiteFideId "4622820"]
[BlackFideId "24698776"]
[EventCountry "GER"]
[EventRounds "9"]
[EventType "swiss"]
[EventDate "2012.05.26"]

1. e4 e5 2. Nf3 Nc6 3. Bc4 Bc5 4. c3 Nf6 5. d3 d6 6. b4 Bb6 7. Qb3 O-O 8. a4 a5
9. b5 Ne7 10. Nbd2 Ng6 11. d4 Qe7 12. Qc2 Nf4 13. O-O N6h5 14. dxe5 dxe5 15.
Rd1 Qf6 16. Nf1 Qg6 17. Bxf4 exf4 18. Ne5 Qf6 19. Nxf7 Rxf7 20. Qa2 Kf8 21.
Bxf7 Qxf7 22. Qxf7+ Kxf7 23. Rd3 Nf6 24. Nd2 Be6 25. h3 Ke7 26. Kf1 Rd8 27.
Rxd8 Kxd8 28. Ke2 Ke7 29. Rd1 Nd7 30. Kf3 g5 31. g3 Ne5+ 32. Kg2 fxg3 33. fxg3
Nc4 34. Nxc4 Bxc4 35. Kf3 h6 36. Rd2 Bb3 37. Kg4 Bxa4 38. Kh5 Bxb5 39. Kxh6 Be3
40. Rb2 Bc6 41. Re2 Bc1 42. Rc2 Be3 43. Re2 Bc5 44. Kxg5 a4 45. h4 a3 46. h5
Bb5 47. h6 Bxe2 48. h7 a2 49. h8=Q Be3+ 50. Kf5 a1=Q 51. Qf6+ Kd7 52. Qe6+ Kd8
53. Qg8+ Ke7 54. Qe6+ Kd8 55. Qg8+ 1/2-1/2